01187 a2200157 4500003000500000005001700005040000900022082001800031100002100049245004100070260004500111300003000156505078800186600002100974650003400995Nust20221125163910.0 cNust a621.38132,SAB aSabbagh M. Elias aCircuit analysis /cSabbagh M. Elias aThe Ronald Press CompanybNew Yorkc1961 aviii, 455 pbillusc24 cm aIntroduction (Page-3), The Electrostatic Field and Capacitance (Page-9), Electric Current and Resistance (Page-24),The Magnetic Field Magnetic Indication and Inductances (Page-37), Magnetic Circuits (Page-50), Circuits Elements (Page-56), Circuits Equilibrium Equations (Page-69), Singular Functions and System Response (Page-86), Network Transformations (Page-119), Complex Algebra (Page-146) Effective Values and Power (Page-178), The Complex Frequency Concept (Page-207), Impedance in the Complex Frequency Plane (Page-218), Resonance (Page-250), Equilibrium Equations for More General Circuits (Page-294), General Methods of Solution (Page-318), Signal Flow Diagram (Page-330), Three Phase Circuits (Page-386), Magnetically Coupled Circuits (Page-396), Fourier Series (Page-416). aSabbagh M. Elias aTelecommunication engineering